Detalles MARC
| 000 -CABECERA |
| fixed length control field |
01147aam a2200325 a 4500 |
| 003 - CONTROL NUMBER IDENTIFIER |
| control field |
AR-BeUNQ |
| 005 - FECHA Y HORA DE LA ULTIMA TRANSACCION |
| control field |
20241128195359.0 |
| 007 - CAMPO FIJO DE DESCRIPCION FIJA - INFORMACION GENERAL |
| fixed length control field |
ta |
| 008 - ELEMENTOS DE LONGITUD FIJA-INFORMACION GENERAL |
| fixed length control field |
160819s2007 ag gr 001 p spa |
| 015 ## - NATIONAL BIBLIOGRAPHY NUMBER |
| National bibliography number |
AR-2007 |
| 020 ## - NUMERO INTERNACIONAL NORMALIZADO PARA LIBROS |
| Número Internacional Normalizado del libro |
9789500305983 |
| 040 ## - FUENTE DE CATALOGACION |
| Agencia de catalogación original |
AR-BaBN |
| Idioma de catalogación |
ESPAÑOL |
| Agencia que realiza la transcripción |
AR-BaBN |
| Convenciones de la descripción |
aacr |
| Agencia que realiza la modificación |
AR-BeUNQ |
| 044 ## - COUNTRY OF PUBLISHING/PRODUCING ENTITY CODE |
| MARC country code |
ag |
| ISO country code |
ar-c |
| 082 ## - NUMERO DE CLASIFICACION DECIMAL DEWEYMBER |
| Número de clasificación |
Es 861 |
| Número de la edición |
21 |
| 245 10 - MENCION DE TITULO |
| Título |
Poema del Cid / |
| Mención de responsabilidad, etc |
anónimo ; texto antiguo según la edición crítica de Ramón Menéndez Pidal y versión en romance moderno de Pedro Salinas ; introducción por Pedro Henríquez Ureña. |
| 250 ## - MENCION DE EDICION |
| Mención de edición |
1a ed., 33a reimpr. |
| 260 ## - PUBLICACION, DISTRIBUCION, ETC. |
| Lugar de publicación, distribución, etc. |
Buenos Aires : |
| Nombre del editor, distribuidor, etc. |
Losada, |
| Fecha de publicación, distribución, etc |
2010. |
| 300 ## - DESCRIPCION FISICA |
| Extensión |
275 p. ; |
| Dimensiones |
18 cm. |
| 490 1# - MENCION DE SERIE |
| Mención de serie |
Clásicos Losada |
| Designación numérica/secuencial del volumen |
170 |
| 650 #7 - ASIENTO SECUNDARIO DE MATERIA - TERMINO TEMATICO |
| Término temático o nombre geográfico como elemento de entrada |
Literatura (Arte) |
| Fuente del encabezamiento o términ |
spines |
| 650 #7 - ASIENTO SECUNDARIO DE MATERIA - TERMINO TEMATICO |
| Término temático o nombre geográfico como elemento de entrada |
Poemas épicos |
| Fuente del encabezamiento o términ |
tell |
| 651 ## - ASIENTO SECUNDARIO DE MATERIA - NOMBRE GEOGRAFICO |
| Fuente del encabezamiento o término |
España |
| Nombre geográfico |
spines |
| 700 1# - ASIENTO SECUNDARIO - NOMBRE DE PERSONA |
| Personal name |
Menéndez Pidal, Ramón, |
| Dates associated with a name |
1869-1968 |
| Relator term |
ed. |
| 700 1# - ASIENTO SECUNDARIO - NOMBRE DE PERSONA |
| Personal name |
Salinas, Pedro |
| Relator term |
adaptador |
| 700 1# - ASIENTO SECUNDARIO - NOMBRE DE PERSONA |
| Personal name |
Henríquez Ureña, Pedro, |
| Dates associated with a name |
1884-1946 |
| Relator term |
prologuista |
| Relationship |
aui |
| 830 #0 - ASIENTO SECUNDARIO DE SERIE--TITULO UNIFORME |
| Título uniforme |
Biblioteca Clásica y Contemporánea (Losada) |
| Designación numérica/secuencial del volumen |
170 |
| 929 ## - DATOS DE ADQUISICION |
| Procedencia |
DONACION |
| Proveedor |
ME |
| Precio |
0 |
| Fecha de recibido |
2019 |
| Patrimonio UNQ |
PAT0082786 |
| Es copia |
1 |
| Número de inventario |
62279 |
| 942 ## - ELEMENTOS DE PUNTO DE ACCESO ADICIONAL (KOHA) |
| Tipo de ítem Koha |
Libros |